Pathophysiology / (Record no. 2375)

MARC details
000 -LEADER
fixed length control field 00697nam a22001575i 4500
008 - FIXED-LENGTH DATA ELEMENTS--GENERAL INFORMATION
fixed length control field 210112s2021 mou 000 0 eng
020 ## - INTERNATIONAL STANDARD BOOK NUMBER
ISBN 9780323761550
100 1# - MAIN ENTRY--AUTHOR
Author Banasik, Jacquelyn L,
245 10 - TITLE STATEMENT
Title Pathophysiology /
Statement of responsibility, etc Jacquelyn L Banasik.
250 ## - EDITION STATEMENT
Edition statement 7.
260 ## - PUBLICATION, DISTRIBUTION, ETC. (IMPRINT)
Place of publication St Louis
Name of publisher Elsevier Ltd
Date of publication 2022
300 ## - COLLATION
Pagination pages cm
520 ## - SUMMARY, ETC.
Summary, etc "Pathophysiology includes recent and relevant information on anatomy, biochemistry, cell physiology, genomics, and pathophysiology while not overwhelming the reader with minute detail. Attention is given to major concepts relevant to clinical practice while still providing enough detail for deep understanding"--
942 ## - ADDED ENTRY ELEMENTS (KOHA)
Item type Books
050 ## - LIBRARY OF CONGRESS CALL NUMBER
Classification number RB113
Item number .P38
Holdings
Source of classification or shelving scheme Not for loan Permanent location Current location Date acquired Accession No. Full call number Barcode. Koha item type
Library of Congress Classification   Medical Library Medical Library 03/17/2025 2024/63515 RB113.P38 2025-0642 Books